Cuentos de fantasmas (Registro nro. 10777)

Detalles MARC
000 - LÍDER
campo de control de longitud fija 00887cam a2200265 a 4500
003 - IDENTIFICADOR DE NÚMERO DE CONTROL
campo de control OSt
005 - FECHA Y HORA DE LA ÚLTIMA TRANSACCIÓN
campo de control 20210818181504.0
008 - ELEMENTOS DE DATOS DE LONGITUD FIJA - INFORMACIÓN GENERAL
campo de control de longitud fija 161025s2003 ck a jr 000 1 spa d
020 ## - INTERNATIONAL STANDARD BOOK NUMBER
International Standard Book Number 9583010669
040 ## - FUENTE DE CATALOGACIÓN
Lenguaje de catalogación spa
Agencia de catalogación original COMFC
Descripción convenciones rda
041 ## - CÓDIGO DE LENGUAJE
Código de idioma de texto / pista de sonido o título separado spa
082 04 - NÚMERO DE CLASIFICACIÓN DECIMAL DEWEY
Número de clasificación 808.83
Número de artículo C965c
245 1# - TÍTULO DECLARACIÓN
Título Cuentos de fantasmas
Declaración de responsabilidad selección y traducción Verónica Arciniegas ; ilustraciones Jairo Linares
264 01 - AVISO DE PRODUCCIÓN, PUBLICACIÓN, DISTRIBUCIÓN, FABRICACIÓN Y DERECHOS DE AUTOR
Lugar de producción Bogotá
Nombre del productor Panamericana
Fecha de producción 2003
300 ## - DESCRIPCIÓN FÍSICA
Alcance 138 páginas,
Otros datos físicos ilustraciones,
Dimensiones 18 cm.
336 ## - TIPO DE CONTENIDO
Fuente rdacontent
Tipo de contenido txt
337 ## - TIPO DE MEDIO
Fuente rdamedia
Término del tipo de medio n
338 ## - TIPO DE PORTADOR
Fuente rdacarrier
Término del tipo de operador nc
490 ## - DECLARACIÓN EN SERIE
Estado de cuenta de la serie El pozo y el péndulo
650 #0 - ENTRADA DE SUJETO AÑADIDO - TÉRMINO TÓPICO
9 (RLIN) 15481
Término tópico o elemento de entrada del nombre geográfico Fantasmas
Subdivisión de forma Cuentos
Subdivisión general Colecciones
650 #0 - ENTRADA DE SUJETO AÑADIDO - TÉRMINO TÓPICO
9 (RLIN) 10619
Término tópico o elemento de entrada del nombre geográfico Cuentos
Subdivisión de forma Colecciones
700 1# - ENTRADA AGREGADA - NOMBRE PERSONAL
9 (RLIN) 49235
Nombre de la persona Arciniegas, Veronica
700 1# - ENTRADA AGREGADA - NOMBRE PERSONAL
9 (RLIN) 49173
Nombre de la persona Linares Landinez, Jairo
Término del Relator ill
942 ## - ELEMENTOS DE ENTRADA AGREGADOS (KOHA)
Fuente de clasificación o esquema de estanterías Dewey Decimal Classification
Parte de clasificación 808.83 C965c
Prefijo del número de llamada 808.83
Sufijo del número de llamada C965c
Existencias
Estado de retirada Pérdida de estatus Fuente de clasificación o esquema de estanterías Estado dañado No para préstamo Código de recogida Ubicación permanente Ubicación actual Ubicación de las estanterías Fecha de adquisición Total de Cajas Número Topográfico Código de barras Precio efectivo desde Número de copia Fecha de la última vez que se vio Tipo de artículo Koha
    Dewey Decimal Classification     General Biblioteca Pública Departamental Comfamiliar Risaralda Biblioteca Pública Departamental Comfamiliar Risaralda Área General 25/10/2016   808.83 C965c 1000454 25/10/2016 Ej.1 14/12/2018 Libro